|
|
|
|
| LEADER |
00000cam a2200000 4500 |
| 001 |
vtls012232329 |
| 003 |
SK-MaSNL |
| 005 |
20260301220128.0 |
| 008 |
230614s2021 au h f n 000 0 ger |
| 015 |
|
|
|a SNBZSA2024/02
|
| 020 |
|
|
|a 9786156195258
|q (brožované)
|
| 022 |
|
|
|a 2073-3054
|
| 040 |
|
|
|a SNK
|b slo
|c SNK
|e rda
|
| 041 |
0 |
|
|a ger
|
| 043 |
|
|
|a e-hu---
|
| 044 |
|
|
|a au
|c AT
|
| 072 |
|
7 |
|a 32
|x Politika
|2 konspekt
|
| 080 |
|
|
|a 32(091)
|2 2011
|
| 080 |
|
|
|a 328.1:342.53
|2 2011
|
| 080 |
|
|
|a (439.2)
|2 2011
|
| 080 |
|
|
|a (093)
|2 2011
|
| 080 |
|
|
|a 322
|2 2011
|
| 100 |
1 |
|
|a Forgó, András
|4 aut
|9 550760
|
| 245 |
1 |
0 |
|a Auf ihrer kaiserlichen Majestät allergnädigsten Befehl
|b Hofrat Johann Georg von Mannagettas Berichte über den ungarischen Landtag, 1722-1723 und 1728-1729
|c András Forgo
|
| 246 |
3 |
1 |
|a Ő császári felsége legkegyesebb paranscára
|
| 264 |
|
1 |
|a Wien
|b Institut für Ungarischen Geschichtsforschung in Wien
|c 2021
|
| 300 |
|
|
|a 217 strán
|b faksimile
|c 24 cm
|
| 336 |
|
|
|a text
|b txt
|2 rdacontent
|
| 337 |
|
|
|a bez média
|b n
|2 rdamedia
|
| 338 |
|
|
|a zväzok
|b nc
|2 rdacarrier
|
| 490 |
1 |
|
|a Publikationen der Ungarischen Geschichtsforschung in Wien
|v Bd. XX
|
| 500 |
|
|
|a Obsahuje poznámky pod čiarou
|
| 504 |
|
|
|a Obsahuje bibliografiu na strane 205-217 a bibliografické odkazy
|
| 546 |
|
|
|a Súbežný názov v maďarčine
|
| 648 |
|
7 |
|a 18. storočie
|2 SNKPH
|9 287325
|
| 650 |
0 |
7 |
|a politické dejiny
|2 SNKPH
|9 69271
|
| 650 |
0 |
7 |
|a Political history
|2 SNKPHeng
|9 277990
|
| 650 |
0 |
7 |
|a parlament
|2 SNKPH
|9 4811
|
| 650 |
0 |
7 |
|a Parliament
|2 SNKPHeng
|9 275353
|
| 650 |
0 |
7 |
|a štát a cirkev
|2 SNKPH
|9 4233
|
| 650 |
0 |
7 |
|a Church and state
|2 SNKPHeng
|9 318079
|
| 651 |
|
7 |
|a Uhorsko
|2 SNKPHgeo
|9 28673
|
| 651 |
|
7 |
|a Hungary
|2 SNKPHeng
|9 265263
|
| 655 |
|
7 |
|a dokumenty
|2 SNKPH
|9 70482
|
| 655 |
|
7 |
|a Documents
|2 SNKPHeng
|9 277725
|
| 655 |
|
7 |
|a pramene
|2 SNKPH
|9 70564
|
| 655 |
|
7 |
|a Sources
|2 SNKPHeng
|9 285559
|
| 830 |
|
0 |
|a Publikationen der Ungarischen Geschichtsforschung in Wien
|9 416647
|
| 919 |
|
|
|a 978-615-6195-25-8
|
| 954 |
|
|
|a odborná, vedecká literatúra cudzojazyčná (svetová)
|2 lita
|
| 958 |
|
|
|a NB
|
| 958 |
|
|
|a ZS
|
| 999 |
|
|
|c 930709
|d 932639
|
| 952 |
|
|
|a SNK
|b SNK
|y PREZ
|7 0
|p 17A1527160
|o snkSC 203064
|i snk2023/9439
|8 1
|0 0
|1 0
|4 0
|d 2023-06-14
|l 0
|r 2025-10-27 00:00:00
|w 2026-02-24
|